000 01637nam a2200457 i 4500
001 5556
003 KOSZ 005
005 20200520125021.0
008 200520s1992 pl f 001 0 pol d
020 _a8301109505
_qt. 1
020 _a8301109521
_qt. 1-2
040 _cKOSZ 005
_aKOSZ 005
_dKOSZ 005/AR
046 _k1992
080 _a58
080 _a581.4
080 _a(075.8)
100 1 _aSzweykowska, Alicja
_d(1926-2002)
_eAutor
245 1 0 _aBotanika :
_bpodręcznik dla szkół wyższych.
_nCz. 1,
_cAlicja Szweykowska i Jerzy Szweykowski.
_pMorfologia /
260 _aWarszawa :
_bWydawnictwo Naukowe PWN,
_c1992.
300 _a342, [2] strony :
_bilustracje ;
_c24 cm.
336 _aTekst
_btxt
_2rdacontent
337 _aBez urządzenia pośredniczącego
_bn
_2rdamedia
338 _aWolumin
_bnc
_2rdacarrier
380 _aKsiążki
380 _aPublikacje dydaktyczne
380 _aPublikacje naukowe
385 _mPoziom nauczania
_aSzkoły wyższe
388 _a1901-2000
388 _a1989-2000
504 _aBibliografia strona 320-321. Indeks.
521 _aKsiążka pomocnicza do nauki biologii w szkołach ponadpodstawowych.
536 _aTytuł dotowany przez Ministra Edukacji Narodowej.
650 _aBotanika
650 _aMorfologia roślin
655 _aPodręczniki akademickie
658 _aBiologia
700 1 _aSzweykowski, Jerzy
_d(1925-2002)
_eAutor
710 _4pbl
_aWydawnictwo Naukowe PWN
856 _uhttp://koha.tu.koszalin.pl/cgi-bin/koha/opac-detail.pl?biblionumber=5556
_yKatalog online BPK
942 _cKS
_2UKD
999 _c5556
_d5556